000 00653nam a2200217 a 4500
999 _c3920
_d3920
001 3920
003 BD-JhCC
005 20171119191934.0
008 171119s1977 bg |||| ||a| 000 0 ben d
035 _a(BD-JhCC)3920
040 _aBD-JhCC
_dBD-JhCC
041 _aben
082 _a891.4435
_bAHM 1977
100 _aআহমদ, মফিজ উদ্দিন
245 _aস্টার সার্কাস /
_cমফিজ উদ্দিন আহমদ
260 _aঢাকা :
_bমুক্তধারা,
_c১৯৭৭.
300 _a120 p. :
_c21 cm.
650 _aCollection Of Short Stories
942 _2ddc
_cBK